Bên trong mạng máy tính

Wedi'i Gadw mewn:
Manylion Llyfryddiaeth
Prif Awdur: Trung tâm tư vấn xuất bản
Fformat: Llyfr
Cyhoeddwyd: Giao thông vận tải 2000
Tagiau: Ychwanegu Tag
Dim Tagiau, Byddwch y cyntaf i dagio'r cofnod hwn!
Thư viện lưu trữ: Mạng thư viện Đại học Đà Nẵng
LEADER 00588nam a2200229 a 4500
001 000028569
003 10787
005 20171030145630.0
008 171030s2000
020 |c 60000 
040 |a LTT 
082 0 |a 004,65  |b TRU 
100 1 |a Trung tâm tư vấn xuất bản 
245 0 0 |a Bên trong mạng máy tính  |c Trung tâm tư vấn xuất bản. 
260 |b Giao thông vận tải  |c 2000 
OWN |a LTT 
999 |a From the UDN01 
TYP |a Monograph 
TYP |a Printed language 
980 |a Mạng thư viện Đại học Đà Nẵng